Necesidades privadas y medios públicos : (Registro nro. 5517)

Detalles MARC
000 -LEADER
fixed length control field 01176nam a2200301Ia 4500
003 - CONTROL NUMBER IDENTIFIER
control field OSt
005 - DATE AND TIME OF LATEST TRANSACTION
control field 20200616201733.0
008 - FIXED-LENGTH DATA ELEMENTS--GENERAL INFORMATION
fixed length control field 191128s1974 sp 001 0 spa d
020 ## - INTERNATIONAL STANDARD BOOK NUMBER
International Standard Book Number 8403760094
040 ## - CATALOGING SOURCE
Original cataloging agency CO-JMCR
Transcribing agency CO-JMCR
041 1# - LANGUAGE CODE
Language code of text/sound track or separate title spa
Language code of original eng
082 04 - DEWEY DECIMAL CLASSIFICATION NUMBER
Classification number 330.126 /
Item number T919n
Edition number 23
100 1# - MAIN ENTRY--PERSONAL NAME
Personal name Tullock, Gordon,
Relator term autor
9 (RLIN) 5668
245 10 - TITLE STATEMENT
Title Necesidades privadas y medios públicos :
Remainder of title análisis económico del nivel deseable de intervención pública /
Statement of responsibility, etc. Gordon Tullock ; traducción del inglés por Luis A. Martin Merino
250 ## - EDITION STATEMENT
Edition statement Primera edición
260 ## - PUBLICATION, DISTRIBUTION, ETC.
Place of publication, distribution, etc. Madrid :
Name of publisher, distributor, etc. Aguilar,
Date of publication, distribution, etc. 1974
300 ## - PHYSICAL DESCRIPTION
Extent 191 páginas ;
Dimensions 20 cm.
490 0# - SERIES STATEMENT
Series statement Biblioteca Aguilar de iniciación a la economía
500 ## - GENERAL NOTE
General note Incluye índice alfabético de autores y materias páginas 189-191.
505 ## - FORMATTED CONTENTS NOTE
Formatted contents note Teoría -- Práctica
546 ## - LANGUAGE NOTE
Language note Traducido del inglés
650 14 - SUBJECT ADDED ENTRY--TOPICAL TERM
Topical term or geographic name entry element Intervención del estado
General subdivision Función pública
9 (RLIN) 5669
650 24 - SUBJECT ADDED ENTRY--TOPICAL TERM
Topical term or geographic name entry element Participación del estado
General subdivision Política gubernamental
9 (RLIN) 5670
650 24 - SUBJECT ADDED ENTRY--TOPICAL TERM
Topical term or geographic name entry element Consecuencias económicas
9 (RLIN) 5671
650 24 - SUBJECT ADDED ENTRY--TOPICAL TERM
Topical term or geographic name entry element Consecuencias sociales
9 (RLIN) 5672
700 1# - ADDED ENTRY--PERSONAL NAME
Personal name Martin Merino, Luis A.,
Relator term traductor
9 (RLIN) 5103
942 ## - ADDED ENTRY ELEMENTS (KOHA)
Source of classification or shelving scheme Dewey Decimal Classification
Koha item type Books
Existencias
Withdrawn status Lost status Source of classification or shelving scheme Materials specified (bound volume or other part) Damaged status Not for loan Home library Current library Shelving location Date acquired Source of acquisition Cost, normal purchase price Total Checkouts Full call number Barcode Date last seen Copy number Price effective from Koha item type
    Dewey Decimal Classification Donación--15/04/2018--     Biblioteca Pública José María del Castillo y Rada Biblioteca Pública José María del Castillo y Rada General Stacks 11/28/2019 Donación 0.00   330.126 / T919n 430002019 05/16/2024 Ej.1 11/28/2019 Books